Carregando...
Fish immunology
| Autor principal: | |
|---|---|
| Formato: | Printed Book |
| Publicado em: |
Academic Press, Newyork
1985
|
| Assuntos: |
| LEADER | 00574nam a2200193 4500 | ||
|---|---|---|---|
| 020 | |||
| 082 | |a 597 MAN-F | ||
| 100 | |a Manning, Margaret J, Ed.; Tatner, May F, Ed. | ||
| 245 | |a Fish immunology | ||
| 250 | |||
| 260 | |a Academic Press, Newyork |c 1985 | ||
| 300 | |a 374 | ||
| 490 | |||
| 500 | |||
| 590 | |a Priya |b 2011-03-21 12:43:08 | ||
| 650 | |a Vertebrates-- Cold-blooded vertebrates-- Pisces (Fishes)-- Cat fishes | ||
| 942 | |c BK | ||
| 999 | |c 96512 |d 96512 | ||
| 952 | |0 0 |1 0 |4 0 |6 597_000000000000000_MANF |7 0 |9 109980 |a AQU |b AQU |l 0 |o 597 MAN-F |p AQU02900 |r 2019-09-25 |w 2019-09-25 |y BK | ||